| 000 | 00582nam a22001337a 4500 | ||
|---|---|---|---|
| 040 | _cRUA | ||
| 082 | _aAGR KHU 2015 B475 Or.1 | ||
| 100 | _aKHUTH SREYTOUCH; ឃុត ស្រីទូច | ||
| 245 | _aGrowth and yield comparison of different varieties of chinese cabbage; ប្រៀបធៀបការលូតលាស់ និងទិន្នផលស្ពៃក្រញាញ់ទៅតាមប្រភេទពូជផ្សេងៗគ្នា | ||
| 260 |
_aPhnom Penh _bRUA _c2015 |
||
| 300 |
_aix;46p. _bill. _c29cm. |
||
| 856 | _uKHUTH SREYTOUCH | ||
| 942 | _cAGR | ||
| 999 |
_c8081 _d8081 |
||